000 00552nam a2200193Ia 4500
001 241
005 20251205092502.0
008 251203t1957||||xx |||||||||||||| ||spa||
041 _aESP
082 _a70.40985
_bM64
100 _aMiró Quesada Laos, Carlos,
_cAUT
245 0 _aHistoria del periodismo peruano
260 _aLima :
_bTalleres Gráficos P. L. Villanueva,
_c1957
300 _a320 páginas :
_b láminas, ilustraciones ;
_c 21 cm.
650 _aGEN
653 _aPeriodismo peruano - Historia
654 _aCTP
942 _cLIB
_dJUS
_fMAT
_2ddc
999 _c241
_d241